000 00315nam a2200121Ia 4500
005 20251222144717.0
008 251222s9999||||xx |||||||||||||| ||spa||
082 _a510/F89/Ej.2
100 _aFuentes de Fukunaga, Norma
245 0 _aMatemática:
264 _bUniversidad Católica Sedes Sapientiae
942 _cLIB
999 _c18056
_d18056